000 00354nam a2200145Ia 4500
008 210716s1984 xx 000 0 und d
020 _a333383796
041 _aeng
082 _a004.03 SAMB
100 _aSamways, Brain;Byrne-Jones, Tony.
245 _aFirst computer dictionary.
250 _a1
260 _aLondon
_bMacmillan
_c1984
300 _a88
999 _c180624
_d180624